000 00790cam a2200229 a 4500
001 693914
005 20180306044950.0
008 961003s1996 kyua 000 0 eng
010 _a 96077768
020 _a0913383481
040 _aDLC
_cDLC
_dDLC
041 _aeng
043 _an-us-ky
080 _a610.71176947 STR
082 0 0 _a610.71176947 STR
_221
100 1 _a4
101 _aSHM
245 1 2 _aA medical school is born :
_cby Robert Straus.
906 _a7
_bcbc
_corignew
_d2
_eopcn
_f19
_gy-gencatlg
942 _2ddc
_cBK
999 _c44155
_d44155